[Event "DVM U14 2020"]
[Site "Willingen GER"]
[Date "2021.06.27"]
[Round "7"]
[White "Brinkschröder, Josh"]
[Black "Römer, Alois"]
[Result "1/2-1/2"]
[Termination "normal"]
[Board "8.3"]
[WhiteElo "1568"]
[BlackElo "1498"]
[WhiteClock "00:31:48"]
[BlackClock "00:32:01"]
[WhiteTeam "SchachAkademiePaderborn e. V."]
[BlackTeam "Schachfreunde Brackel 1930 e. V."]
[PlyCount "41"]
[WhiteFideId "16274903"]
[BlackFideId "16255607"]
[EventCountry "GER"]
[EventRounds "7"]
[EventType "team-swiss"]
[EventDate "2021.06.23"]

1. d4 {[%clk 1:30:55]} 1... d5 {[%clk 1:30:56]} 2. c4 {[%clk 1:31:11]} 2...
dxc4 {[%clk 1:30:17]} 3. Nc3 {[%clk 1:30:50]} 3... a6 {[%clk 1:28:24]} 4. a4 {
[%clk 1:30:41]} 4... Nc6 {[%clk 1:28:44]} 5. Nf3 {[%clk 1:30:44]} 5... Bg4 {
[%clk 1:28:46]} 6. e3 {[%clk 1:30:36]} 6... e5 {[%clk 1:25:03]} 7. Bxc4 { [%clk
1:26:04]} 7... Bb4 {[%clk 1:18:37]} 8. Be2 {[%clk 1:14:41]} 8... exd4 { [%clk
1:15:26]} 9. exd4 {[%clk 1:12:51]} 9... Nge7 {[%clk 1:12:34]} 10. O-O { [%clk
1:10:44]} 10... O-O {[%clk 1:11:54]} 11. d5 {[%clk 1:05:34]} 11... Bxf3 { [%clk
1:10:01]} 12. Bxf3 {[%clk 1:05:38]} 12... Ne5 {[%clk 1:09:58]} 13. Be4 { [%clk
1:01:15]} 13... Bd6 {[%clk 1:05:24]} 14. g3 {[%clk 0:59:24]} 14... N7g6 { [%clk
1:02:00]} 15. b3 {[%clk 0:53:23]} 15... Re8 {[%clk 0:58:04]} 16. Re1 { [%clk
0:52:24]} 16... Bb4 {[%clk 0:53:48]} 17. Bb2 {[%clk 0:50:49]} 17... Qd6 { [%clk
0:52:20]} 18. Re2 {[%clk 0:44:24]} 18... Rad8 {[%clk 0:49:25]} 19. Qc2 { [%clk
0:39:42]} 19... Rf8 {[%clk 0:43:55]} 20. Rae1 {[%clk 0:34:25]} 20... Nd7 {[%clk
0:32:01]} 21. Rd1 {[%clk 0:31:48]} 1/2-1/2

[Event "DVM U14 2020"]
[Site "Willingen GER"]
[Date "2021.06.27"]
[Round "7"]
[White "Zabudkin, David"]
[Black "Gering, Jakob"]
[Result "1/2-1/2"]
[Termination "normal"]
[Board "8.4"]
[WhiteElo "1059"]
[BlackElo "1313"]
[WhiteClock "00:15:46"]
[BlackClock "00:21:09"]
[WhiteTeam "Schachfreunde Brackel 1930 e. V."]
[BlackTeam "SchachAkademiePaderborn e. V."]
[PlyCount "115"]
[WhiteFideId "34605975"]
[BlackFideId "16298225"]
[EventCountry "GER"]
[EventRounds "7"]
[EventType "team-swiss"]
[EventDate "2021.06.23"]

1. e4 {[%clk 1:30:56]} 1... e5 {[%clk 1:30:40]} 2. f4 {[%clk 1:31:21]} 2...
exf4 {[%clk 1:30:32]} 3. Nf3 {[%clk 1:31:44]} 3... g5 {[%clk 1:30:38]} 4. Nc3 {
[%clk 1:31:47]} 4... g4 {[%clk 1:30:16]} 5. Ne5 {[%clk 1:32:03]} 5... d5 {
[%clk 1:29:38]} 6. g3 {[%clk 1:26:05]} 6... d4 {[%clk 1:26:04]} 7. Nd5 { [%clk
1:24:44]} 7... f3 {[%clk 1:25:07]} 8. h3 {[%clk 1:20:14]} 8... Qd6 { [%clk
1:21:03]} 9. d3 {[%clk 1:17:05]} 9... Bg7 {[%clk 1:18:07]} 10. Nxg4 { [%clk
1:15:35]} 10... Bxg4 {[%clk 1:13:50]} 11. Bf4 {[%clk 1:14:59]} 11... Qxd5
{[%clk 1:11:43]} 12. hxg4 {[%clk 1:11:39]} 12... Qa5+ {[%clk 1:07:36]} 13. Bd2
{[%clk 1:10:49]} 13... f2+ {[%clk 1:03:52]} 14. Kxf2 {[%clk 1:10:57]} 14... Qb6
{[%clk 1:02:54]} 15. g5 {[%clk 1:05:24]} 15... Nd7 {[%clk 1:00:37]} 16. Bh3 {
[%clk 1:04:06]} 16... O-O-O {[%clk 0:58:25]} 17. b4 {[%clk 1:02:58]} 17... Ne7
{[%clk 0:56:24]} 18. a4 {[%clk 1:01:31]} 18... Ng6 {[%clk 0:51:59]} 19. a5 {
[%clk 0:57:48]} 19... Qd6 {[%clk 0:50:25]} 20. b5 {[%clk 0:55:23]} 20... Be5 {
[%clk 0:47:07]} 21. Qf3 {[%clk 0:52:45]} 21... Rdf8 {[%clk 0:44:39]} 22. Rhb1 {
[%clk 0:49:27]} 22... Qe7 {[%clk 0:42:23]} 23. a6 {[%clk 0:45:45]} 23... b6 {
[%clk 0:40:55]} 24. Bb4 24... Qxg5 {[%clk 0:40:13]} 25. Bxf8 {[%clk 0:44:04]}
25... Rxf8 26. Rb2 {[%clk 0:29:47]} 26... Qe3+ {[%clk 0:33:59]} 27. Kg2 { [%clk
0:29:22]} 27... Qxf3+ {[%clk 0:33:30]} 28. Kxf3 {[%clk 0:29:42]} 28... Kd8
{[%clk 0:33:13]} 29. Rh1 {[%clk 0:27:35]} 29... Rh8 {[%clk 0:32:03]} 30. Bxd7
{[%clk 0:26:12]} 30... Kxd7 {[%clk 0:32:13]} 31. Rh5 {[%clk 0:26:29]} 31... f6
{[%clk 0:30:21]} 32. g4 {[%clk 0:24:35]} 32... h6 {[%clk 0:28:46]} 33. Rb1
{[%clk 0:23:23]} 33... Ne7 {[%clk 0:27:48]} 34. Rbh1 {[%clk 0:23:23]} 34... Ng8
{[%clk 0:27:17]} 35. Rf5 {[%clk 0:21:57]} 35... Ke6 {[%clk 0:26:10]} 36. Ke2
{[%clk 0:20:12]} 36... Rh7 {[%clk 0:25:40]} 37. Kd2 {[%clk 0:18:38]} 37... Rg7
{[%clk 0:24:11]} 38. Rg1 {[%clk 0:16:06]} 38... Kd6 {[%clk 0:23:15]} 39. c3
{[%clk 0:15:08]} 39... dxc3+ {[%clk 0:22:31]} 40. Ke3 {[%clk 0:14:33]} 40... c2
{[%clk 0:15:19]} 41. d4 {[%clk 0:11:01]} 41... Bh2 {[%clk 0:13:10]} 42. Rc1 {
[%clk 0:10:11]} 42... Rxg4 {[%clk 0:11:39]} 43. Rxc2 {[%clk 0:10:26]} 43...
Bg1+ {[%clk 0:07:26]} 44. Kf3 {[%clk 0:03:42]} 44... Rg7 {[%clk 0:05:39]} 45.
Rc6+ {[%clk 0:03:08]} 45... Kd7 {[%clk 0:05:10]} 46. Rd5+ {[%clk 0:03:26]}
46... Kc8 {[%clk 0:04:55]} 47. Rc1 {[%clk 0:25:21]} 47... Bh2 {[%clk 0:32:45]}
48. Rh5 {[%clk 0:23:42]} 48... Bd6 {[%clk 0:32:15]} 49. e5 {[%clk 0:23:15]}
49... fxe5 {[%clk 0:30:18]} 50. dxe5 {[%clk 0:23:31]} 50... Bc5 {[%clk 0:29:45]
} 51. Ke4 {[%clk 0:22:57]} 51... Re7 {[%clk 0:29:22]} 52. Rf5 {[%clk 0:21:12]}
52... Re8 {[%clk 0:28:15]} 53. Kd5 {[%clk 0:20:04]} 53... Ne7+ {[%clk 0:27:54]}
54. Ke6 {[%clk 0:18:49]} 54... Nxf5+ {[%clk 0:27:08]} 55. Kxf5 {[%clk 0:19:12]}
55... Be3 {[%clk 0:23:15]} 56. Re1 {[%clk 0:18:32]} 56... Bg5 {[%clk 0:22:08]}
57. Kg6 {[%clk 0:17:49]} 57... Re7 {[%clk 0:21:09]} 58. e6 {[%clk 0:15:46]}
1/2-1/2

[Event "DVM U14 2020"]
[Site "Willingen GER"]
[Date "2021.06.27"]
[Round "7"]
[White "Abou Wally, Adrian"]
[Black "Klein, Maxim"]
[Result "1-0"]
[Termination "normal"]
[Board "9.1"]
[WhiteElo "1482"]
[BlackElo "1436"]
[WhiteTeam "SV Schott Jena"]
[BlackTeam "FC Ergolding 1932 e.V."]
[PlyCount "33"]
[WhiteFideId "16245113"]
[BlackFideId "16281632"]
[EventCountry "GER"]
[EventRounds "7"]
[EventType "team-swiss"]
[EventDate "2021.06.23"]

1. e4 e6 2. d4 d5 3. Nc3 Bb4 4. e5 c5 5. a3 Bxc3+ 6. bxc3 Nc6 7. Nf3 Nge7 8.
Bd3 O-O 9. O-O Bd7 10. Re1 Qb6 11. Be3 c4 12. Bxh7+ Kxh7 13. Ng5+ Kg6 14. Qg4
f6 15. exf6 gxf6 16. Ne4+ Kf7 17. Nd6# 1-0

[Event "DVM U14 2020"]
[Site "Willingen GER"]
[Date "2021.06.27"]
[Round "7"]
[White "Helmbrecht, Paul"]
[Black "Link, Moritz"]
[Result "1-0"]
[Termination "normal"]
[Board "9.2"]
[WhiteElo "1531"]
[BlackElo "1540"]
[WhiteTeam "FC Ergolding 1932 e.V."]
[BlackTeam "SV Schott Jena"]
[PlyCount "63"]
[WhiteFideId "16270932"]
[BlackFideId "34605924"]
[EventCountry "GER"]
[EventRounds "7"]
[EventType "team-swiss"]
[EventDate "2021.06.23"]

1. Nf3 Nf6 2. c4 g6 3. g3 Bg7 4. Bg2 O-O 5. O-O d6 6. d4 c5 7. dxc5 dxc5 8. Nc3
Bf5 9. Be3 Nbd7 10. Qc1 Ng4 11. Bg5 Nb6 12. h3 Nf6 13. Bxf6 Bxf6 14. e4 Bxc3
15. exf5 Bg7 16. fxg6 fxg6 17. Ng5 Qd7 18. Qc2 Bf6 19. Rad1 Bd4 20. Nf3 e5 21.
Nxe5 Qc7 22. Nf3 Qxg3 23. Rxd4 Qc7 24. Rd3 Rf4 25. b3 Raf8 26. Rfd1 Qf7 27. Qe2
Nc8 28. Rd8 Ne7 29. Rxf8+ Kxf8 30. Rd8+ Kg7 31. Rd7 Kf8 32. Ng5 1-0

[Event "DVM U14 2020"]
[Site "Willingen GER"]
[Date "2021.06.27"]
[Round "7"]
[White "Wagner, Alexander"]
[Black "Lichtinger, Simon"]
[Result "0-1"]
[Termination "normal"]
[Board "9.3"]
[WhiteElo "1522"]
[BlackElo "1401"]
[WhiteTeam "SV Schott Jena"]
[BlackTeam "FC Ergolding 1932 e.V."]
[PlyCount "70"]
[BlackFideId "16230442"]
[EventCountry "GER"]
[EventRounds "7"]
[EventType "team-swiss"]
[EventDate "2021.06.23"]

1. e4 e5 2. Nf3 Nf6 3. Nxe5 d6 4. Nf3 Nxe4 5. d4 d5 6. Bd3 Bd6 7. O-O O-O 8.
Re1 Re8 9. c4 c6 10. Qb3 Bg4 11. Qxb7 Bxf3 12. gxf3 Qh4 13. Bxe4 Qxh2+ 14. Kf1
Qh3+ 15. Ke2 dxe4 16. Kd2 Qxf3 17. Qb3 Bf4+ 18. Kc2 Qxf2+ 19. Bd2 Bxd2 20. Nxd2
e3 21. Qd3 Na6 22. Kb3 exd2 23. Rf1 Qe3 24. Qxe3 Rxe3+ 25. Kc2 Rae8 26. Kxd2
Re2+ 27. Kd1 Rxb2 28. Re1 Rxe1+ 29. Kxe1 Rh2 30. Rd1 Rh1+ 31. Kd2 Rxd1+ 32.
Kxd1 f6 33. Kd2 h5 34. d5 cxd5 35. cxd5 h4 0-1

[Event "DVM U14 2020"]
[Site "Willingen GER"]
[Date "2021.06.27"]
[Round "7"]
[White "Huber, Laura"]
[Black "Junge, Mattheo Gabriel"]
[Result "1-0"]
[Termination "normal"]
[Board "9.4"]
[WhiteElo "1249"]
[BlackElo "1267"]
[WhiteTeam "FC Ergolding 1932 e.V."]
[BlackTeam "SV Schott Jena"]
[PlyCount "77"]
[WhiteFideId "16270940"]
[BlackFideId "34605908"]
[EventCountry "GER"]
[EventRounds "7"]
[EventType "team-swiss"]
[EventDate "2021.06.23"]

1. e4 e5 2. Nc3 Nf6 3. f4 d5 4. fxe5 Nxe4 5. Nf3 Bg4 6. d3 Nxc3 7. bxc3 Bxf3 8.
Qxf3 Qh4+ 9. g3 Qd8 10. Rb1 Bc5 11. d4 Bb6 12. Ba3 c6 13. Bh3 c5 14. O-O Qe7
15. Qxd5 O-O 16. e6 f6 17. Bxc5 Bxc5 18. Qxc5 Qxc5 19. dxc5 Na6 20. Rxb7 Nxc5
21. Rc7 Rfc8 22. Rxc8+ Rxc8 23. Rd1 Re8 24. Rd6 g6 25. Rc6 Ne4 26. Bg2 Ng5 27.
Bd5 Kg7 28. h4 Nh3+ 29. Kg2 Rd8 30. Rc7+ Kh6 31. Rd7 Rb8 32. Kxh3 Re8 33. Rxa7
g5 34. e7 g4+ 35. Kxg4 f5+ 36. Kxf5 Rc8 37. Ra8 Rc7 38. Ra6+ Kg7 39. e8=N+ 1-0

[Event "DVM U14 2020"]
[Site "Willingen GER"]
[Date "2021.06.27"]
[Round "7"]
[White "Neumüller, Tim"]
[Black "Kraftsik, Christian"]
[Result "0-1"]
[Termination "normal"]
[Board "10.1"]
[WhiteElo "1519"]
[BlackElo "1797"]
[WhiteTeam "SV Weingarten"]
[BlackTeam "Schach-Club Vaterstetten-Grasbrunn"]
[PlyCount "120"]
[WhiteFideId "16299167"]
[BlackFideId "16242548"]
[EventCountry "GER"]
[EventRounds "7"]
[EventType "team-swiss"]
[EventDate "2021.06.23"]

1. e4 c5 2. c3 d5 3. Qa4+ Bd7 4. Bb5 dxe4 5. Bxd7+ Qxd7 6. Qxe4 Nf6 7. Qe2 Nc6
8. Nf3 e6 9. O-O Be7 10. Ne5 Nxe5 11. Qxe5 Bd6 12. Qe2 O-O 13. d4 cxd4 14. cxd4
Bc7 15. Be3 Nd5 16. Nd2 Nxe3 17. Qxe3 Rfd8 18. Nf3 Bb6 19. Rfd1 Qb5 20. b3 Rd5
21. Rd3 Rc8 22. Rc3 Rxc3 23. Qxc3 Qd7 24. Rd1 e5 25. Rc1 exd4 26. Qc8+ Qxc8 27.
Rxc8+ Bd8 28. Kf1 g6 29. Ke2 Kg7 30. Kd3 Rd6 31. Rc4 Bf6 32. Nxd4 b5 33. Rb4 a5
34. Rxb5 Bxd4 35. Ke2 Bc3 36. a3 Ra6 37. Kd3 Bb2 38. b4 axb4 39. axb4 Re6 40.
Kc2 Bd4 41. f3 Rb6 42. Rxb6 Bxb6 43. b5 Bg1 44. h3 Kf6 45. Kd3 Ke5 46. g3 Bf2
47. f4+ Kf5 48. Ke2 Bxg3 49. b6 Bxf4 50. b7 Kg5 51. Kf3 Bb8 52. Kg2 Kh4 53. Kg1
Kxh3 54. Kh1 f5 55. Kg1 f4 56. Kh1 g5 57. Kg1 g4 58. Kh1 g3 59. Kg1 h6 60. Kh1
g2+ 0-1

[Event "DVM U14 2020"]
[Site "Willingen GER"]
[Date "2021.06.27"]
[Round "7"]
[White "Lerchl, Clemens"]
[Black "Kern, Dominik"]
[Result "1/2-1/2"]
[Termination "normal"]
[Board "10.2"]
[WhiteElo "1711"]
[BlackElo "1349"]
[WhiteTeam "Schach-Club Vaterstetten-Grasbrunn"]
[BlackTeam "SV Weingarten"]
[PlyCount "65"]
[WhiteFideId "16226372"]
[BlackFideId "34605894"]
[EventCountry "GER"]
[EventRounds "7"]
[EventType "team-swiss"]
[EventDate "2021.06.23"]

1. e4 e5 2. Nf3 Nf6 3. Nxe5 d6 4. Nf3 Nxe4 5. c4 c6 6. d4 d5 7. Nc3 Bb4 8. Qc2
Qe7 9. Be2 Bf5 10. Qb3 Nxc3 11. bxc3 Bd3 12. Be3 Bxe2 13. Kxe2 Bd6 14. Rhe1
dxc4 15. Qxc4 O-O 16. Kf1 Qc7 17. Kg1 h6 18. Rad1 Nd7 19. d5 Ne5 20. Nxe5 Bxe5
21. Bc5 Bxh2+ 22. Kh1 Bd6 23. Bxd6 Qxd6 24. dxc6 Qxc6 25. Qxc6 bxc6 26. Rd6
Rfd8 27. Rxc6 Rd2 28. Re7 Rxf2 29. Rcc7 Rd8 30. Rxa7 Rd1+ 31. Kh2 Rdd2 32. Kh1
Rxg2 33. Rxf7 1/2-1/2

[Event "DVM U14 2020"]
[Site "Willingen GER"]
[Date "2021.06.27"]
[Round "7"]
[White "Dick, Fabian"]
[Black "Popovici, Liviu-Daniel"]
[Result "0-1"]
[Termination "normal"]
[Board "10.3"]
[WhiteElo "1220"]
[BlackElo "1505"]
[WhiteTeam "SV Weingarten"]
[BlackTeam "Schach-Club Vaterstetten-Grasbrunn"]
[PlyCount "76"]
[WhiteFideId "34605886"]
[BlackFideId "1253689"]
[EventCountry "GER"]
[EventRounds "7"]
[EventType "team-swiss"]
[EventDate "2021.06.23"]

1. f4 d5 2. Nf3 c5 3. e3 Nf6 4. Be2 e6 5. b3 Bd6 6. Bb2 Nc6 7. d3 b6 8. Nc3 Bb7
9. Qd2 e5 10. Nb5 exf4 11. Nxd6+ Qxd6 12. exf4 O-O 13. O-O-O a5 14. a4 Ba6 15.
Ne5 b5 16. Nxc6 Qxc6 17. Qxa5 b4 18. Bxf6 gxf6 19. g4 Bxd3 20. Qxa8 Rxa8 21.
Bxd3 c4 22. g5 cxd3 23. Rxd3 Rc8 24. c3 Qd6 25. c4 Qxf4+ 26. Kc2 dxc4 27. bxc4
Rxc4+ 28. Kb3 Rc3+ 29. Rxc3 bxc3 30. Kxc3 Qf3+ 31. Kb4 Qxh1 32. gxf6 Qe4+ 33.
Kb5 Kf8 34. h4 Ke8 35. a5 Qxh4 36. a6 Qxf6 37. a7 Qd8 38. a8=Q Qxa8 0-1

[Event "DVM U14 2020"]
[Site "Willingen GER"]
[Date "2021.06.27"]
[Round "7"]
[White "Karpen, Jakob"]
[Black "Bork, Miron"]
[Result "1-0"]
[Termination "normal"]
[Board "10.4"]
[WhiteElo "1365"]
[BlackElo "1113"]
[WhiteTeam "Schach-Club Vaterstetten-Grasbrunn"]
[BlackTeam "SV Weingarten"]
[PlyCount "99"]
[WhiteFideId "16255453"]
[BlackFideId "34605878"]
[EventCountry "GER"]
[EventRounds "7"]
[EventType "team-swiss"]
[EventDate "2021.06.23"]

1. d4 d6 2. c4 c6 3. Nc3 Nf6 4. Nf3 Bg4 5. Bf4 d5 6. e3 Nbd7 7. Bd3 Nb6 8. cxd5
cxd5 9. Nb5 Rc8 10. Rc1 e6 11. Nxa7 Bb4+ 12. Ke2 Rxc1 13. Qxc1 O-O 14. a3 Bd6
15. Bxd6 Qxd6 16. Nb5 Qd7 17. Nc3 Rc8 18. Qb1 Na4 19. Nxa4 Qxa4 20. Rc1 Qd7 21.
Rxc8+ Qxc8 22. h3 Bh5 23. Qc2 Qxc2+ 24. Bxc2 Ne4 25. g4 Bg6 26. Bd3 f5 27. Nh4
Kf7 28. Nxg6 Kxg6 29. Bxe4 dxe4 30. f4 fxg4 31. hxg4 Kf6 32. a4 g5 33. b4 Kg7
34. Kf2 Kf6 35. a5 Ke7 36. b5 Kd7 37. fxg5 Kc7 38. Kg3 Kb8 39. Kf4 Ka7 40. Kxe4
b6 41. a6 Kb8 42. Ke5 Kc7 43. Kxe6 Kc8 44. Ke7 Kc7 45. d5 Kc8 46. d6 h6 47. d7+
Kb8 48. d8=Q+ Ka7 49. Qc7+ Ka8 50. Qb7# 1-0

[Event "DVM U12 2020"]
[Site "Magdeburg GER"]
[Date "2021.08.05"]
[Round "1"]
[White "Werner, Florin"]
[Black "Kempe, Caius Emilian"]
[Result "0-1"]
[Termination "normal"]
[Board "1.1"]
[WhiteElo "1533"]
[BlackElo "2013"]
[WhiteClock "00:45:52"]
[BlackClock "00:11:31"]
[WhiteTeam "VSG 1880 Offenbach"]
[BlackTeam "USV TU Dresden"]
[PlyCount "108"]
[WhiteFideId "16250230"]
[BlackFideId "16246861"]
[EventCountry "GER"]
[EventRounds "7"]
[EventType "team-swiss"]
[EventDate "2021.08.04"]

1. e4 {[%emt 0:00:00]} e6 {[%emt 0:00:49]} 2. d4 {[%emt 0:00:00]} d5 {[%emt 0:
00:00]} 3. Nd2 {[%emt 0:00:00]} c5 {[%emt 0:00:00]} 4. exd5 {[%emt 0:00:00]}
Qxd5 {[%emt 0:00:13]} 5. Ngf3 {[%emt 0:00:00]} cxd4 {[%emt 0:01:10]} 6. Bc4 {
[%emt 0:00:00]} Qd7 {[%emt 0:00:00]} 7. Nb3 {[%emt 0:01:29]} Nc6 {[%emt 0:00:
00]} 8. Nbxd4 {[%emt 0:01:15]} Bd6 {[%emt 0:01:00]} 9. c3 {[%emt 0:02:02]} Nge7
{[%emt 0:00:17]} 10. O-O {[%emt 0:02:01]} O-O {[%emt 0:00:00]} 11. Re1 {[%emt
0:01:26]} Nxd4 {[%emt 0:02:28]} 12. Qxd4 {[%emt 0:00:00]} Nf5 {[%emt 0:00:31]}
13. Qd1 {[%emt 0:05:28]} Rd8 {[%emt 0:00:00]} 14. Bb3 {[%emt 0:00:16]} b5 {
[%emt 0:03:00]} 15. Be3 {[%emt 0:00:00]} Bb7 {[%emt 0:00:34]} 16. Nd4 {[%emt 0:
06:49]} Qc7 {[%emt 0:04:12]} 17. Qh5 {[%emt 0:03:25]} Nxd4 {[%emt 0:08:52]} 18.
Bxd4 {[%emt 0:00:11]} a6 {[%emt 0:00:34]} 19. Qg5 {[%emt 0:01:10]} Bxh2+ {
[%emt 0:05:47]} 20. Kh1 {[%emt 0:00:46]} Rxd4 {[%emt 0:00:00]} 21. cxd4 {[%emt
0:00:14]} Bf4 {[%emt 0:00:26]} 22. Qg4 {[%emt 0:00:31]} Rd8 {[%emt 0:01:02]}
23. Rad1 {[%emt 0:00:10]} h5 {[%emt 0:04:19]} 24. Qxh5 {[%emt 0:10:09]} g6 {
[%emt 0:00:00]} 25. Qc5 {[%emt 0:00:00]} Qd7 {[%emt 0:01:26]} 26. Kg1 {[%emt 0:
04:18]} Rc8 {[%emt 0:01:41]} 27. Qb4 {[%emt 0:04:26]} Kg7 {[%emt 0:04:58]} 28.
d5 {[%emt 0:01:05]} e5 {[%emt 0:00:00]} 29. g3 {[%emt 0:03:53]} a5 {[%emt 0:23:
35]} 30. Qe4 {[%emt 0:07:57]} Bg5 {[%emt 0:00:32]} 31. Qxe5+ {[%emt 0:01:30]}
Bf6 {[%emt 0:02:25]} 32. Qe4 {[%emt 0:00:00]} a4 {[%emt 0:00:00]} 33. Bc2 {
[%emt 0:00:18]} Rc4 {[%emt 0:01:11]} 34. Qe2 {[%emt 0:03:35]} Bxd5 {[%emt 0:20:
34]} 35. b3 {[%emt 0:00:00]} Rd4 {[%emt 0:00:00]} 36. Rxd4 {[%emt 0:00:09]}
Bxd4 {[%emt 0:00:43]} 37. Rd1 {[%emt 0:00:00]} Qh3 {[%emt 0:01:04]} 38. Be4 {
[%emt 0:00:00]} Qxg3+ {[%emt 0:00:00]} 39. Kf1 {[%emt 0:00:08]} Qh3+ {[%emt 0:
00:48]} 40. Ke1 {[%emt 0:00:00]} Bc3+ {[%emt 0:02:07]} 41. Rd2 {[%emt 0:00:00]}
Bxe4 {[%emt 0:00:49]} 42. Qxe4 {[%emt 0:00:00]} Qd7 {[%emt 0:01:46]} 43. Qe3 {
[%emt 0:00:03]} Qxd2+ {[%emt 0:08:30]} 44. Qxd2 {[%emt 0:00:06]} Bxd2+ {[%emt
0:00:10]} 45. Kxd2 {[%emt 0:00:00]} axb3 {[%emt 0:00:17]} 46. axb3 {[%emt 0:00:
21]} g5 {[%emt 0:00:17]} 47. Kd3 {[%emt 0:00:39]} f5 {[%emt 0:01:12]} 48. Ke3 {
[%emt 0:00:08]} Kf6 {[%emt 0:00:03]} 49. Kf3 {[%emt 0:00:00]} Ke5 {[%emt 0:02:
49]} 50. Ke3 {[%emt 0:00:00]} f4+ {[%emt 0:00:45]} 51. Kd3 {[%emt 0:00:00]} g4
{[%emt 0:00:10]} 52. b4 {[%emt 0:00:00]} Kd5 {[%emt 0:00:56]} 53. Kc3 {[%emt 0:
00:00]} g3 {[%emt 0:00:30]} 54. fxg3 {[%emt 0:05:38]} fxg3 {[%emt 0:00:05]} 0-1

[Event "DVM U12 2020"]
[Site "Magdeburg GER"]
[Date "2021.08.05"]
[Round "1"]
[White "Fruth, David"]
[Black "Laux, Filip"]
[Result "1/2-1/2"]
[Termination "normal"]
[Board "1.2"]
[WhiteElo "1749"]
[BlackElo "1204"]
[WhiteClock "01:23:56"]
[BlackClock "00:29:54"]
[WhiteTeam "USV TU Dresden"]
[BlackTeam "VSG 1880 Offenbach"]
[PlyCount "135"]
[WhiteFideId "16257596"]
[BlackFideId "16275730"]
[EventCountry "GER"]
[EventRounds "7"]
[EventType "team-swiss"]
[EventDate "2021.08.04"]

1. e4 {[%emt 0:02:13]} c6 {[%emt 0:00:00]} 2. d4 {[%emt 0:00:00]} d5 {[%emt 0:
00:00]} 3. Nc3 {[%emt 0:00:00]} dxe4 {[%emt 0:00:00]} 4. Nxe4 {[%emt 0:00:00]}
Bf5 {[%emt 0:00:00]} 5. Ng3 {[%emt 0:00:00]} Bg6 {[%emt 0:00:00]} 6. Nf3 {
[%emt 0:00:00]} Nd7 {[%emt 0:00:04]} 7. Bc4 {[%emt 0:01:01]} Ngf6 {[%emt 0:02:
03]} 8. c3 {[%emt 0:03:49]} e6 {[%emt 0:06:03]} 9. O-O {[%emt 0:00:04]} Be7 {
[%emt 0:04:37]} 10. Ng5 {[%emt 0:08:49]} O-O {[%emt 0:06:04]} 11. Bxe6 {[%emt
0:02:27]} fxe6 {[%emt 0:01:24]} 12. Nxe6 {[%emt 0:00:00]} Qc8 {[%emt 0:00:37]}
13. Nxf8 {[%emt 0:00:24]} Qxf8 {[%emt 0:01:14]} 14. Qb3+ {[%emt 0:00:00]} Kh8 {
[%emt 0:04:20]} 15. Qxb7 {[%emt 0:00:16]} Qc8 {[%emt 0:03:14]} 16. Qxc8+ {
[%emt 0:01:58]} Rxc8 {[%emt 0:00:00]} 17. Re1 {[%emt 0:00:00]} Nd5 {[%emt 0:14:
17]} 18. Bd2 {[%emt 0:01:48]} Bf8 {[%emt 0:13:19]} 19. c4 {[%emt 0:00:00]} N5f6
{[%emt 0:00:00]} 20. Ne2 {[%emt 0:00:00]} Ne4 {[%emt 0:00:00]} 21. Rad1 {[%emt
0:27:34]} Nb6 22. Nf4 {[%emt 0:02:25]} Nxd2 {[%emt 0:08:05]} 23. Nxg6+ {[%emt
0:00:00]} hxg6 {[%emt 0:00:00]} 24. c5 {[%emt 0:00:00]} Ndc4 {[%emt 0:00:00]}
25. cxb6 {[%emt 0:00:19]} axb6 {[%emt 0:05:46]} 26. b3 {[%emt 0:00:00]} Nb2 {
[%emt 0:00:00]} 27. Rd2 {[%emt 0:00:00]} Bb4 {[%emt 0:00:00]} 28. Ree2 {[%emt
0:00:00]} Bxd2 {[%emt 0:01:50]} 29. Rxd2 {[%emt 0:00:25]} Re8 {[%emt 0:00:37]}
30. Kf1 {[%emt 0:00:00]} Na4 {[%emt 0:04:34]} 31. bxa4 {[%emt 0:00:00]} Ra8 {
[%emt 0:00:00]} 32. Rb2 {[%emt 0:00:00]} Rxa4 {[%emt 0:00:23]} 33. Rxb6 {[%emt
0:00:00]} Rxd4 {[%emt 0:00:04]} 34. Rxc6 {[%emt 0:00:06]} Rd2 {[%emt 0:00:11]}
35. Rc8+ {[%emt 0:02:18]} Kh7 {[%emt 0:00:31]} 36. Ra8 {[%emt 0:00:58]} Kh6 {
[%emt 0:01:25]} 37. a4 {[%emt 0:00:10]} Ra2 {[%emt 0:00:09]} 38. a5 {[%emt 0:
00:20]} Kg5 {[%emt 0:09:29]} 39. a6 {[%emt 0:00:00]} Rd2 {[%emt 0:04:34]} 40.
a7 {[%emt 0:00:00]} Rd7 {[%emt 0:00:21]} 41. f3 {[%emt 0:00:00]} Rf7 {[%emt 0:
00:45]} 42. Ke2 {[%emt 0:03:49]} Kf5 {[%emt 0:01:52]} 43. Kd3 {[%emt 0:00:22]}
g5 {[%emt 0:00:51]} 44. Kd4 {[%emt 0:00:09]} g4 {[%emt 0:01:47]} 45. fxg4+ {
[%emt 0:00:31]} Kxg4 {[%emt 0:00:04]} 46. Kc5 {[%emt 0:04:40]} Kg5 {[%emt 0:01:
08]} 47. Kb6 {[%emt 0:00:00]} Rf6+ {[%emt 0:02:16]} 48. Kc5 {[%emt 0:00:00]}
Rf7 {[%emt 0:00:19]} 49. Kd6 {[%emt 0:00:00]} Kg6 {[%emt 0:00:22]} 50. Ke6 {
[%emt 0:00:07]} Rf6+ {[%emt 0:02:03]} 51. Ke7 {[%emt 0:00:44]} Rf7+ {[%emt 0:
00:04]} 52. Ke6 {[%emt 0:01:47]} Rf6+ {[%emt 0:00:17]} 53. Ke5 {[%emt 0:00:15]}
Rf7 {[%emt 0:00:03]} 54. h4 {[%emt 0:00:37]} Rf5+ {[%emt 0:05:01]} 55. Ke4 {
[%emt 0:00:42]} Rf7 {[%emt 0:00:39]} 56. h5+ {[%emt 0:01:35]} Kg5 57. h6 {
[%emt 0:00:00]} g6 58. Ke5 {[%emt 0:00:00]} Rd7 59. Ke6 {[%emt 0:00:00]} Rc7
60. Kd6 {[%emt 0:00:00]} Rb7 61. Kc6 {[%emt 0:00:00]} Rf7 62. Rg8 {[%emt 0:00:
00]} Rxa7 63. Rg7 {[%emt 0:00:00]} Ra8 64. h7 {[%emt 0:00:00]} Rh8 65. Kd6 {
[%emt 0:00:00]} Kh6 66. Re7 {[%emt 0:00:00]} Rxh7 67. Rxh7+ {[%emt 0:00:00]}
Kxh7 68. Ke5 {[%emt 0:00:00]} 1/2-1/2